| 000 | 00581cam a2200217 a 4500 | ||
|---|---|---|---|
| 001 | 4267666 | ||
| 005 | 20180205080014.0 | ||
| 008 | 841101s1983 enka b 000 0 eng | ||
| 010 | _a 84167713 | ||
| 020 | _a019827257X | ||
| 040 |
_aDLC _cDLC _dDLC |
||
| 041 | _aeng | ||
| 080 | _a658 EAR | ||
| 082 | 0 | 0 |
_a658 EAR _219 |
| 100 | _a54 | ||
| 101 | _aMEN | ||
| 245 | 0 | 0 |
_aPerspectives on management : _cedited by Michael J. Earl. |
| 504 | _aIncludes bibliographies. | ||
| 906 |
_a7 _bcbc _corignew _d3 _encip _f19 _gy-gencatlg |
||
| 942 |
_2ddc _cBK |
||
| 999 |
_c41800 _d41800 |
||